| 000 | 00831nas a2200289 4500 | ||
|---|---|---|---|
| 001 | BR2014000995 | ||
| 003 | BR-BrBNA | ||
| 005 | 20231205123712.0 | ||
| 007 | ta | ||
| 008 | 230509b bl.|||p| |||| 00| 00por d | ||
| 040 |
_aBR-BrBNA _bpor _cBiblioteca Nacional de Agricultura |
||
| 041 | _a(Pt) | ||
| 072 | _aL53 | ||
| 100 | 1 | _aSanches, E.G. | |
| 100 | 1 | _aCerqueira, V.R. | |
| 245 | 1 | _aRefrigeração do sêmen do Ariocó Lutjanus synagris | |
| 650 | _aARIACÓ | ||
| 650 | _aLUTJANUS SYNAGRIS | ||
| 650 | _aSÊMEN | ||
| 650 | _aPH | ||
| 650 | _aREFRIGERAÇÃO | ||
| 650 | _aREPRODUÇÃO | ||
| 650 | _aMÉTODO ESTATÍSTICO | ||
| 773 | 0 |
_tBoletim do Instituto de Pesca (Brazil) _xISSN 0046-9939 _g(Oct-Dec 2010), v. 36(4) p. 293-305 _wBR2014000995 |
|
| 909 |
_a202311 _bLúcia _c55 _dLúcia Elande |
||
| 942 |
_2AGRIS _n0 _cANA |
||
| 999 |
_c235264 _d235264 |
||